000
00283nam a2200121Ia 4500
008
140130s9999 xx 000 0 und d
245
_c
Prokos, Anna
_a
Killer Wallpaper
260
_b
Scholastic,
_c
2007
440
_v
1
521
_a
Grade 3 - Grade 4
942
_c
BK
999
_c
40931
_d
40931